<?xml version="1.0" encoding="UTF-8"?><?xml-stylesheet type="text/xsl" href="static/style.xsl"?><OAI-PMH xmlns="http://www.openarchives.org/OAI/2.0/" xmlns:xsi="http://www.w3.org/2001/XMLSchema-instance" xsi:schemaLocation="http://www.openarchives.org/OAI/2.0/ http://www.openarchives.org/OAI/2.0/OAI-PMH.xsd"><responseDate>2026-04-13T00:07:36Z</responseDate><request verb="GetRecord" identifier="oai:www.recercat.cat:10459.1/463943" metadataPrefix="marc">https://recercat.cat/oai/request</request><GetRecord><record><header><identifier>oai:recercat.cat:10459.1/463943</identifier><datestamp>2025-09-15T19:03:11Z</datestamp><setSpec>com_2072_3622</setSpec><setSpec>col_2072_479130</setSpec></header><metadata><record xmlns="http://www.loc.gov/MARC21/slim" xmlns:dcterms="http://purl.org/dc/terms/" xmlns:xsi="http://www.w3.org/2001/XMLSchema-instance" xmlns:doc="http://www.lyncode.com/xoai" xsi:schemaLocation="http://www.loc.gov/MARC21/slim http://www.loc.gov/standards/marcxml/schema/MARC21slim.xsd">
   <leader>00925njm 22002777a 4500</leader>
   <datafield ind2=" " ind1=" " tag="042">
      <subfield code="a">dc</subfield>
   </datafield>
   <datafield ind2=" " ind1=" " tag="720">
      <subfield code="a">Conesa Milian, Enric</subfield>
      <subfield code="e">author</subfield>
   </datafield>
   <datafield ind2=" " ind1=" " tag="720">
      <subfield code="a">Cirer-Sastre, Rafel</subfield>
      <subfield code="e">author</subfield>
   </datafield>
   <datafield ind2=" " ind1=" " tag="720">
      <subfield code="a">Hernández-González, Vicenç</subfield>
      <subfield code="e">author</subfield>
   </datafield>
   <datafield ind2=" " ind1=" " tag="720">
      <subfield code="a">Legaz Arrese, Alejandro</subfield>
      <subfield code="e">author</subfield>
   </datafield>
   <datafield ind2=" " ind1=" " tag="720">
      <subfield code="a">Corbi Soler, Francesc</subfield>
      <subfield code="e">author</subfield>
   </datafield>
   <datafield ind2=" " ind1=" " tag="720">
      <subfield code="a">Reverter Masià, Joaquín</subfield>
      <subfield code="e">author</subfield>
   </datafield>
   <datafield ind2=" " ind1=" " tag="260">
      <subfield code="c">2023</subfield>
   </datafield>
   <datafield ind2=" " ind1=" " tag="520">
      <subfield code="a">Cardiac troponin (cTn) is a recognized marker used to assess damage to the heart muscle. Actual research has indicated that the levels of cTn increase after doing exercise in individuals who are in good health, and this is believed to be a result of a normal cellular process rather than a pathological one. The main goal of this study was to investigate the evidence of a postexercise release of cTn in child and adolescent athletes (6–17.9 years old) of different ages, sex, and sports disciplines. The Web of Science, MEDLINE, and Scopus databases were used to conduct the research up to March 2023. Three hundred and twenty-eight records were identified from the databases, however, only twenty-three studies were included in the review after being screened and quality-assessed by two independent authors. The gender, age of the participants, maturational status, and training level of the participants, the timing of sample collection, the exercise modality, and the number of participants with values above the cut-off reference were the data analyzed. Males, older young people, and individual sports seemed to have higher levels of serum cTn after practice exercise. Different methodologies, analyzers, and cut-off reference values make it difficult to compare the data among studies.</subfield>
   </datafield>
   <datafield ind2=" " ind1=" " tag="520">
      <subfield code="a">This research was funded by the State Program for Research, Development and Innovation Oriented to the Challenges of Society, within the framework of the State Plan for R+D+I 2017–2020. The title of the project is: “Evaluación de diversos parámetros de salud y niveles de actividad física en la escuela primaria y secundaria”, grant number PID2020-117932RB-I00. The consolidated research group is the Human Movement Generalitat de Catalunya, 021 SGR 01619.</subfield>
   </datafield>
   <datafield tag="653" ind2=" " ind1=" ">
      <subfield code="a">Troponin</subfield>
   </datafield>
   <datafield tag="653" ind2=" " ind1=" ">
      <subfield code="a">cTn</subfield>
   </datafield>
   <datafield tag="653" ind2=" " ind1=" ">
      <subfield code="a">Child</subfield>
   </datafield>
   <datafield tag="653" ind2=" " ind1=" ">
      <subfield code="a">Adolescence</subfield>
   </datafield>
   <datafield tag="653" ind2=" " ind1=" ">
      <subfield code="a">Exercise</subfield>
   </datafield>
   <datafield ind2="0" ind1="0" tag="245">
      <subfield code="a">Cardiac Troponin Release after Exercise in Healthy Young Athletes: A Systematic Review</subfield>
   </datafield>
</record></metadata></record></GetRecord></OAI-PMH>